Computers and thought : a collection of articles /

Saved in:
书目详细资料
主要作者: Feigenbaum, Edward A.
其他作者: Feldman, Julian
格式: 图书
出版: Malabar, Fla. : R.E. Krieger Pub. Co., c1963.
主题:
标签: 添加标签
没有标签, 成为第一个标记此记录!

MARC

LEADER 00000cam a2200000 i 4500
020 |a NA  |c TZS 20,000/= 
040 |a MUL  |b eng  |e AACR 
082 0 0 |a 004 COM 
100 1 |a Feigenbaum, Edward A., 
245 1 0 |a Computers and thought :  |b a collection of articles /  |c by Armer ... [et al.] ; edited by Edward A. Feigenbaum & Julian Feldman. 
260 |a Malabar, Fla. :  |b R.E. Krieger Pub. Co.,  |c c1963. 
300 |a xiv, 535 p. :  |b ill. ;  |c 24 cm. 
500 |a Reprint of the ed. published by McGraw-Hill, New York. 
504 |a Includes bibliographical references (p. 477-523) and index. 
546 |a eng 
650 0 |a Artificial intelligence. 
650 0 |a Digital computer simulation. 
700 1 |a Feldman, Julian, 
942 |c BK 
999 |c 6690  |d 6690